Online
Catalog

Manual de historia crítica dominicana / (Record no. 45401)

MARC details
000 -CABECERA
campo de control de longitud fija 02348nam a2200253 a 4500
001 - NÚMERO DE CONTROL
campo de control 000045912
005 - FECHA Y HORA DE LA ÚLTIMA TRANSACCIÓN
campo de control 20240710123701.0
008 - DATOS DE LONGITUD FIJA--INFORMACIÓN GENERAL
campo de control de longitud fija 150527s1996 dr abc r 000 0 spa d
040 ## - FUENTE DE LA CATALOGACIÓN
Centro catalogador/agencia de origen DO-SdBNP
Lengua de catalogación spa
Centro/agencia transcriptor BNPHU
082 ## - NÚMERO DE LA CLASIFICACIÓN DECIMAL DEWEY
Número de clasificación 972.93
Número de documento/Ítem M385m, 1996
100 1# - ENTRADA PRINCIPAL--NOMBRE DE PERSONA
Nombre de persona Martínez Almanzar, Juan Francisco
Fechas asociadas al nombre 1950 -
9 (RLIN) 10459
245 10 - MENCIÓN DE TÍTULO
Título Manual de historia crítica dominicana /
Mención de responsabilidad, etc. Juan Francisco Martínez Almánzar.
250 ## - MENCIÓN DE EDICIÓN
Mención de edición 6a ed.
260 ## - PUBLICACIÓN, DISTRIBUCIÓN, ETC.
Lugar de publicación, distribución, etc. Santo Domingo :
Nombre del editor, distribuidor, etc. CAIS,
Fecha de publicación, distribución, etc. 1996.
300 ## - DESCRIPCIÓN FÍSICA
Extensión 584 p. :30 :
Otras características físicas il., mapas, retrs. ;
Dimensiones 21 cm.
500 ## - NOTA GENERAL
Nota general Incluye datos biográficos del autor en la contracubierta.
504 ## - NOTA DE BIBLIOGRAFÍA, ETC.
Nota de bibliografía, etc. Bibliografía : p. 577-582
505 0# - NOTA DE CONTENIDO CON FORMATO
Nota de contenido con formato Prehistoria e historia --
Título Situación de Europa del descubrimiento --
-- La sociedad aborigen --
-- El descubrimiento de América --
-- Conquista y colonización --
-- Colón y la anulación de las capitulaciones de Santa Fe --
-- El regimen de las encomiendas --
-- Inicio de la industria azucarera --
-- La Española de 1520 a 1550 --
-- La Española en la segunda mitad del siglo XVI --
-- La Isla de Santo Domingo en el siglo XVII --
-- La Isla de Santo Domingo en el siglo XVIII --
-- La revolución haitiana --
-- La dominación francesa y española a principios del siglo XIX --
-- Unificación política de la Isla y separación --
-- Los inicios de la primera República --
-- El caudillismo y la situación de la naciente República durante su primer período (1844-1861) --
-- Anexión y guerra de restauración --
-- Los primeros años de la Segunda República --
-- Agudización de la crisis --
-- Los liberales en el poder --
-- La dictadura de Ulises Heureaux --
-- Los nuevos caudillos a principio de siglo --
-- Desarrollo y violencia en el país --
-- Ocupación militar norteamericana --
-- La República Dominicana 1924-1930 --
-- Los primeros diez años de dictadura --
-- El período de 1940-1950 --
-- La dictadura trujillista período 1950-1961 --
-- Inicio de la democracia (1961-1963) --
-- Revolución e intervención en 1965 --
-- El gobierno de los Doce Años --
-- Breve cronología de 1978 a 1996 --
590 ## - NOTA LOCAL (RLIN)
Nota local Inventariado, 2019/BT
651 #4 - PUNTO DE ACCESO ADICIONAL DE MATERIA--NOMBRE GEOGRÁFICO
Nombre geográfico República Dominicana
Subdivisión general Historia
9 (RLIN) 170
651 #4 - PUNTO DE ACCESO ADICIONAL DE MATERIA--NOMBRE GEOGRÁFICO
Nombre geográfico Isla Hispaniola (Haití Y República Dominicana{Rpara}
Subdivisión general Historia
9 (RLIN) 73982
710 22 - PUNTO DE ACCESO ADICIONAL--NOMBRE DE ENTIDAD CORPORATIVA
Nombre de entidad corporativa o nombre de jurisdicción como elemento de entrada Centro de Adiestramiento e Investigación Social (República Dominicana)
9 (RLIN) 46052
910 ## - DATOS DE OPCIÓN DEL USUARIO (OCLC)
Datos de opción del usuario Validado. Control de calidad. MFF
Holdings
Estado de retiro Estado de pérdida No para préstamo Código de colección Localización permanente Ubicación/localización actual Ubicación en estantería Fecha de adquisición Número de inventario Total de préstamos Signatura topográfica completa Código de barras Fecha visto por última vez Precio válido a partir de Tipo de ítem Koha Número de copia Nota pública
    Excluido de préstamo Patrimonio Dominicano Patrimonio Dominicano Patrimonio Dominicano Depósito 01.06.2015 LF1   972.93 M385m, 1996 45912-10 25.06.2020 25.06.2020 Libro y Folleto Colección Patrimonio Dominicano    
    Excluido de préstamo Patrimonio Dominicano Patrimonio Dominicano Patrimonio Dominicano Depósito 23.05.2019 LF1   972.93 M385m, 1996 45912-20 25.06.2020 25.06.2020 Libro y Folleto Colección Patrimonio Dominicano e. 2 Perteneció a la biblioteca personal de Ivan Otten Walder.

Powered by Koha